Welcome to CU Library Online Public Access Catalogue (OPAC)

Introducing contemporary theologies : (Record no. 8882)

MARC details
000 -LEADER
fixed length control field 00690pam a2200205 a 4500
001 - CONTROL NUMBER
control field 2123686
005 - DATE AND TIME OF LATEST TRANSACTION
control field 20260304162311.0
008 - FIXED-LENGTH DATA ELEMENTS--GENERAL INFORMATION
fixed length control field 970320s1997 nyu b 001 0 eng
020 ## - INTERNATIONAL STANDARD BOOK NUMBER
International Standard Book Number 1570751390
Qualifying information pbk. : alk. paper
020 ## - INTERNATIONAL STANDARD BOOK NUMBER
International Standard Book Number 9781570751394
Qualifying information (pbk. : alk. paper)
050 00 - LIBRARY OF CONGRESS CALL NUMBER
Classification number BT28
Item number .O65 1997
082 00 - DEWEY DECIMAL CLASSIFICATION NUMBER
Classification number 230/.09/04
Edition information 21
100 1# - MAIN ENTRY--PERSONAL NAME
Personal name Ormerod, Neil.
245 10 - TITLE STATEMENT
Title Introducing contemporary theologies :
Remainder of title the what and the who of theology today /
Statement of responsibility, etc. Neil Ormerod.
250 ## - EDITION STATEMENT
Edition statement Enl. and rev.
260 ## - PUBLICATION, DISTRIBUTION, ETC.
Place of publication, distribution, etc. Maryknoll, N.Y. :
Name of publisher, distributor, etc. Orbis Books,
Date of publication, distribution, etc. c1997.
300 ## - PHYSICAL DESCRIPTION
Extent vi, 218 p. ;
Dimensions 23 cm.
650 #0 - SUBJECT ADDED ENTRY--TOPICAL TERM
Topical term or geographic name entry element Theology, Doctrinal
General subdivision History
Chronological subdivision 20th century.
942 ## - ADDED ENTRY ELEMENTS (KOHA)
Source of classification or shelving scheme Library of Congress Classification
Koha item type Books
Edition Enlarged and revised
Suppress in OPAC No
999 ## -
-- 8882
-- 8882
Holdings
Withdrawn status Lost status Source of classification or shelving scheme Damaged status Not for loan Collection Home library Current library Shelving location Date acquired Total checkouts Full call number Barcode Date last seen Copy number Price effective from Koha item type
    Library of Congress Classification     Non-fiction Business Library (Miotso) Business Library (Miotso) General stacks 03/04/2026   BT28 .O65 1997 BSSM00002448 03/04/2026 1 03/04/2026 Books
© 2023-2024 Copyright: Central University Libraries. All Rights Reserved | Created by: Mahone Tech Office